| 000 | 01072nas a2200301 4500 | ||
|---|---|---|---|
| 001 | BR8300494 | ||
| 003 | BR-BrBNA | ||
| 005 | 20231205085421.0 | ||
| 007 | ta | ||
| 008 | 230509b bl.|||p| |||| 00| 00por d | ||
| 040 |
_aBR-BrBNA _bpor _cBiblioteca Nacional de Agricultura |
||
| 041 | _a(Pt) | ||
| 072 | _aH10 | ||
| 100 | 1 | _aOliveira, A.M. de | |
| 100 | 1 | _aCoelho, R.G. | |
| 100 | 1 | _aSudo, S. | |
| 100 | 1 | _aLeal, N.R. | |
| 100 | 1 | _aLiberal, M.T. | |
| 245 | 1 | _aIncidencia de Thecla jebus Godart, 1819 (Lepidoptera: Lycaenidae)em cultivares de feijao-de-vagem, no municipio de Itaguai, estado do Rio de Janeiro [Brasil] | |
| 246 | 1 | _aThecla jebus Godart, 1819 (Lepidoptera: Lycaenidae)incidence in snap bean cultivars in Itaguai county, Rio de Janeiro state [Brazil] | |
| 650 | _aFEIJAO | ||
| 650 | _aVAGEM | ||
| 650 | _aLEPIDOPTERO | ||
| 650 | _aRIO DE JANEIRO | ||
| 773 | 0 |
_tAnais da Sociedade Entomologica do Brasil (Brazil) _xISSN 0301-8059 _g(1982), v. 11(1) p. 163-166 _wBR8300494 |
|
| 909 |
_a202311 _bLúcia _c55 _dLúcia Elande |
||
| 942 |
_2AGRIS _n0 _cANA |
||
| 999 |
_c111316 _d111316 |
||